000 02873nkm a2200505 c 4500
003 BLK
005 20230406150826.0
008 180412b bul rap|r|||| r0| ||bulo|
010 _aKNG00095800000
040 _aBLK
041 _aBUL
_cBUL
_hENG
072 7 _2bullib
_aК
_xКраезнание
080 _aПаметници на културата на историческите периоди. Археологическите паметници. Старини
_b904
_x(497):061.4(084.12)
_z904(497):061.4(084.12)
080 _aБългарски археолог, историк на изкуството и политик, министър-председател на България
_b929 Филов, Богдан Димитров
_x
_z929 Филов, Богдан Димитров
700 1 _aХаджимишев, Иво Михайлов
_eсъстав.
_9374762
700 1 _aФилов, Богдан Димитров
_d1883-1945
_gАрхеолог, историк на изкуството, политик
_eтекст и сн.
_9285906
700 1 _aПолански, Сол
_eвъвед.
_9351781
139 _aАрхивът Гипсън
_bА 90
245 1 0 _aАрхивът Гипсън
_bД-р Богдан Филов - фотографии и описания от науч. му мисия през 1912-1913 : Завръщане в България 2009
_cсъстав. Иво Михайлов Хаджимишев; текст и сн. Богдан Димитров Филов; въвед. Сол Полански.
246 1 1 _aThe Gipson Archive : Dr. Bogdan Filov - Photographs and a desccription of his research mission in 1912-1913 : Return to Bulgaria 2009
257 _aBGR
260 Пловдив
_bЖанет 45
_c2009
_fПловдив : Жанет 45
300 _a96 с.
_bил.
_c28 см
380 _a9
500 _aСведения за авт. отг. отбелязани на гърба на предзагл. с. - Парал. текст на англ. ез.
600 1 4 _aФилов, Богдан Димитров
_d1883-1945
_gАрхеолог, историк на изкуството, политик
_9285906
650 4 _aАрхеологични находки - Балкански полуостров - музеи, колекции, галерии и изложби
_9351782
650 4 _aФилов, Богдан Димитров
_9371773
651 4 _aМакедония
_9243713
651 4 _aБеломорска Тракия
_9245704
651 4 _aОдринска Тракия
_9179302
651 4 _aИзточна Тракия
_9246268
651 4 _aБалкански полуостров
_9178567
653 _aархеологични находки
653 _aпаметници на културата
653 _aБогдан Филов
653 _aфотография
653 _aкаталози
659 _aК
852 _aЦб Гр А ІІ 4393
856 4 _qpdf
_u
856 4 _qpdf
_u
942 _cGRA
_n0
944 _aCR
_c29.04.2010
_lф /
_kГеновева_Генчева
944 _aED
_c12.04.2016
_lф /
_kЛюдмила_Стоянова
999 _c209177
_d209177